000 00551nam a2200181Ia 4500
005 20250317123141.0
008 008 250317s9999 xx 000 0 eng d
037 _aTextbook
040 _aFMSL
_beng
_cFMSL
041 _aeng
_2eng
084 _aD658(2:55)obX:8 N9
_qFMSL
100 _aMcfarlan F W
_9735662
245 0 _aInformation systems administration
260 _aLondon Holt
_bLondon Holt, Rinehart
_c1969
300 _a143p
942 _cTB
_hD658(2:55)obX:8 N9
999 _c1250074
_d1250074